|
|
|
|
| LEADER |
00871nam a2200193 a 4500 |
| 001 |
00023361 |
| 008 |
110823s2010 bg a o000 0 eng |
| 040 |
|
|
|a BD-DhAAL
|c BD-DhAAL
|
| 082 |
0 |
0 |
|a 370/.9549/2
|2 19
|
| 245 |
0 |
0 |
|a Pocket book on educational statistics 2009
|
| 260 |
|
|
|a Dhaka :
|b Bangladesh Bureau of Educational Information & Statistics,
|c 2010.
|
| 300 |
|
|
|a 48 p. ;
|c 14 cm.
|
| 541 |
|
|
|e 00023361
|
| 650 |
|
0 |
|a Education
|z Bangladesh
|x Statistics.
|
| 610 |
1 |
0 |
|a Bangladesh
|t Specific Relief Act, 1877.
|
| 710 |
1 |
|
|a Bangladesh Bureau of Educational Information & Statistics
|
| 852 |
1 |
|
|a Ayesha Abed Library
|c General shelf.
|
| 999 |
|
|
|c 11215
|d 11215
|
| 952 |
|
|
|0 0
|1 0
|2 ddc
|4 0
|6 370_954920000000000_POC
|7 0
|9 17913
|a BRACUL
|b BRACUL
|c REF
|d 2011-08-25
|l 0
|o 370.95492 POC
|p 3010023361
|r 2011-08-25
|t 1
|w 2011-08-25
|y BK
|x Koha Inventory 2020 ; Previously missing book recovered on 23 September 2025
|